000 01455nam0a2200289 4500
001 RU\NLR\bibl\898037
005 20260407132509.0
021 _aRU
_b2005-69769
_93432
035 _a(NLR Aleph) 000886491
090 _a1691578
_c1691578
100 _a20060119d2005 |||y0rusy50 ca
101 0 _arus
102 _aRU
105 _aa |||||||||
200 1 _aТезисы докладов
_fII съезд лимфологов России, 23-25 мая 2005 г., [Санкт-Петербург]
210 _aСанкт-Петербург
_cСанкт-Петербургский государственный университет
_d2005
215 _a386-409 с.
_cил.
_d21
300 _aВ надзаг.: М-во образования и науки РФ, М-во здравоохранения и социал. развития РФ, Ассоц. лимфологов РФ при поддержке Междунар. ассоц. лимфологов, Ассоц. ангиологов и сосудистых хирургов и др.
606 1 _aЛимфология
_jТезисы докладов
_91500827
_3RU\NLR\auth\66650615
686 _aР410.3я431(2)
686 _aР411.3я431(2)
710 1 2 _aСъезд лимфологов России
_d2
_eСанкт-Петербург
_f2005
_9659557
_3RU\NLR\AUTH\8810078698
801 0 _aRU
_bNLR
_c20060119
_grcr
801 1 _aRU
_bNLR
_c20060119
942 _cBOOK
980 _aNB